Computer Primer (Record no. 820986)

MARC details
000 -LEADER
fixed length control field 00311pam a2200133 a 4500
020 ## - INTERNATIONAL STANDARD BOOK NUMBER
Terms of availability
041 ## - LANGUAGE CODE
Language code of original
082 ## - DEWEY DECIMAL CLASSIFICATION NUMBER
Classification number 4
100 ## - MAIN ENTRY--PERSONAL NAME
Personal name RAJARAMAN (Dharma)/ RAJARAMAN (V)
Relator term author
245 ## - TITLE STATEMENT
Title Computer Primer
Medium Textual Document
260 ## - PUBLICATION, DISTRIBUTION, ETC.
Name of publisher, distributor, etc. Harlow, Addision Wesley -
Date of publication, distribution, etc. 1990
300 ## - PHYSICAL DESCRIPTION
Extent vii, 420
930 ## - EQUIVALENCE OR CROSS-REFERENCE-UNIFORM TITLE HEADING [LOCAL, CANADA]
Uniform title 1772
Holdings
Withdrawn status Lost status Damaged status Not for loan Collection Home library Current library Date acquired Cost, normal purchase price Total Checkouts Full call number Barcode Date last seen Copy number Price effective from Koha item type
          Institute of Management & Research, New Delhi Institute of Management & Research, New Delhi 18/09/1998 35.00   4 IMD-26PB0003698 17/08/2023 2 17/08/2023 Book
          Institute of Management & Research, New Delhi Institute of Management & Research, New Delhi 18/09/1998 35.00   4 IMD-26PB0003697 17/08/2023 1 17/08/2023 Book